Statistiken für Overwatch Charaktere

Klicken Sie hier um das Quiz zu spielen!

Allgemein

  • Dieses Quiz wurde 425 mal gespielt
    (371 seit der letzten Aktualisierung)
  • Das Durchschnittsergebnis liegt bei 23 aus 32

Antwortstatistiken

Held% Korrekt
Mercy
91%
Reinhardt
89%
Genji
84%
Hanzo
83%
Widowmaker
82%
Ana
81%
Winston
80%
Cassidy
78%
Soldier: 76
78%
Tracer
78%
Lucio
77%
Zenyatta
75%
Bastion
74%
D.Va
74%
Junkrat
74%
Roadhog
74%
Reaper
73%
Orisa
72%
Moira
71%
Ashe
69%
Mei
69%
Wrecking Ball
68%
Brigitte
66%
Zarya
65%
Torbjörn
64%
Symmetra
62%
Sombra
61%
Baptiste
60%
Doomfist
58%
Sigma
58%
Pharah
57%
Echo
48%

Verteilung der Resultate

Perzentil nach korrekt beantworteten Fragen

Anzahl Personen mit jedem Resultat

Ihre Resultats-Entwicklung

Sie haben dieses Quiz seit der letzten Aktualisierung nicht gespielt